000 00682nam a2200217Ia 4500
001 251
003 GE_BSU
008 181216s||||||||xx |||||||||||||| ||und||
020 _a9789941146473
040 _cGE_BSU
080 _a004.7(075.8)
100 _aადამია,ვ;არაბული,ნ;ცირამუა,ზ
245 _aკომპიუტერული ქსელები (1-ლი ნაწილი)
260 _aთბილისი
260 _bტექნიკური უნ-ტი
260 _c2009
300 _a207 გვ.
541 _h8ლ.
653 _aკომპიუტერული ქსელები
942 _cBK
999 _c34502
_d34502